Widok standardowy
Widok MARC
Pozycja Geographic Name
Liczba rekordów, w których użyto hasła: 1
001 - Numer kontrolny
- control field: 37676
003 - Identyfikator numeru kontrolnego
- control field: NUKAT
005 - Data i czas ostatniej modyfikacji
- control field: 20260309140823.0
008 - Dane kontrolne kodowane (40 znaków)
- fixed length control field: 010525n||aaznnbabn |a ana |c
010 ## - Numer kontrolny Biblioteki Kongresu
- numer kontrolny LC: s 01112424
040 ## - Instytucja sporządzająca rekord
- inst. przygot. dane do rek. khw: WR O/dja
- język haseł przedmiotowych/tezaurus: kaba
- inst. wprow. rek. khw: WR O/dja
151 ## - Hasło - nazwa geograficzna
- nazwa geograficzna: Andaluzja (Hiszpania ; region autonomiczny)
- określnik rzeczowy: opisy i relacje z podróży
- określnik chronologiczny: 1970-2000.